| 000 | 00503nam a2200181Ia 4500 | ||
|---|---|---|---|
| 003 | GCL | ||
| 008 | 140319s9999 xx 000 0 ara d | ||
| 040 |
_aGCL / _cGCL |
||
| 082 | 0 | 4 |
_a613.0432 _bج د |
| 100 | 1 | _aجوزيف عبود كبة | |
| 245 | 1 | 0 |
_aدليل صحة الاطفال والرضع / _cجوزيف عبود كبة |
| 300 | _a400 | ||
| 490 |
_a100 قصة _v0 |
||
| 650 | 0 | 4 | _aالاطفال |
| 650 | 0 | 4 | _aطب الاطفال |
| 650 | 0 | 4 | _aالعناية الصحية |
| 942 |
_2ddc _cBK |
||
| 999 |
_c43738 _d43738 |
||